000 00762nam a2200241 a 4500
001 000017709
005 20240412074248.0
008 100330s1984 dr 001 p spa d
040 _aDO-SdBNP
_bspa
_cBNPHU
082 _aRD861.44
_bS211J
100 1 _aSánchez, Juan José
_930217
245 1 0 _aJuan José Sánchez (antología) /
_cJuan José Sánchez; prólogo Manuel de Jesús Goico Castro.
260 _aSanto Domingo :
_bPublicaciones ONAP,
_c1984.
300 _a59 p. ;
_c21 cm.
490 1 _aLitetura
_vno 2
490 1 _aONAP
650 0 _aPoesía dominicana
_966
650 0 _aLiteratura dominicana.
_967
700 1 _aGoico Castro, Manuel de Jesús
_epról.
_923255
830 _aONAP
_910860
830 0 _aLiteratura
_vno. 2
_98095
049 _aBNPD
999 _c17234
_d17234